Представление документа в формате RUSMARC

ПолеНазваниеЗначение
  Тип записи i
  Библиографический уровень m
001 Контрольный номер RU/IS/BASE/492276217
005 Дата корректировки 20201206204950.6
010 Индекс ISBN __
a ISBN 978-5-9677-2008-6 (в кор.)
d Цена 204-75
100 Данные общей обработки __
a Данные общей обработки 19150807d2014||||||| 0rusy0189 ca
101 Язык документа 0_
a Язык текста rus
102 Страна публикации __
a Страна публикации ru|
105 Кодированные данные (монография) __
a Кодированные данные (монография) nnz||||||f|zy
127 Кодированные данные (звукозаписи-физические характеристики) __
a Продолжительность проигрывания 07 ч 35 мин
200 Заглавие и сведения об ответственности 1_
a Заглавие Драма на охоте
e Сведения, относящиеся к заглавию [аудиокнига : 12+]
f Первые сведения об ответственности А. П. Чехов ; [читает Петр Коршунков]
b Общее обозначение материала Звукозапись
210 Выходные данные __
a Место издания Москва
c Издательство Агентство
d Дата издания 2014
215 Физическое описание __
a Объем 1 электрон. опт. диск (Audio CD)
c Иллюстрации/тип воспроизводства mp3, stereo
d Формат 12х14 см
225 Серия __
a Серия 1С: Аудиокниги
230 Специфическая характеристика материала: электронные ресурсы __
a Обозначение и объем ресурса Электронные звуковые данные
300 Общие примечания __
a Общие примечания Загл. с этикетки диска
323 Примечание о главных создателях, исполнителях, участниках __
a Примечание о главных создателях, исполнителях, участниках Коршунков, П. (читает)
330 Аннотация __
a Аннотация Эта повесть написана в редком для А. Чехова жанре детектива. Публиковалась в московской газете "Новости дня" с августа 1884 по апрель 1885 года под псевдонимом "А. Чехонте". В дальнейшем автор к работе над ней не возвращался. В центре повествования история юной ветреной женщины, застреленной одним из тех, кого она увлекла своей молодостью и красотой. Детективный сюжет пересказывать не стоит, ведь не все читали повесть или видели снятые по её мотивам кинофильмы. Отметим одно: в финале произведения откроется имя убийцы, и им окажется вовсе не тот несчастный, кого приговорили к 15 годам каторги… Будучи ранним опытом начинающего писателя, повесть "Драма на охоте" стала предвестницей тонкой психологической прозы, которая прославит зрелого Чехова.
333 Примечание о целевом назначении __
a Примечание о целевом назначении 12+. Для детей старше 12 лет
337 Примечание о системных требованиях (электронные ресурсы) __
a Примечание о системных требованиях (электронные ресурсы) Системные требования: MS Windows ; Pentium 100 ; RAM 16 Мб ; SVGA, 800x600 ; CD-ROM ; зв. карта ; колонки или наушники ; мышь ; аудиосистемы с поддержкой формата MP3: музыкальный центр ; CD/DVD-плеер и т.д.
606 Тематические рубрики __
a Основная рубрика Художественная литература
606 Тематические рубрики __
a Основная рубрика Русская литература XIX в. (произведения)
z Хронологическая подрубрика 19 в.
610 Ключевые слова __
a Ключевые слова классическая литература
a Ключевые слова повести
a Ключевые слова проза
a Ключевые слова психологическая проза
a Ключевые слова русская классика
a Ключевые слова русская классическая литература
a Ключевые слова тема измены
a Ключевые слова тема морали
a Ключевые слова тема убийств
686 Индексы других классификаций __
2 Код системы rubbks
a Классификационный индекс 84(2=411.2)52-4я04; ст84(2Рос=Рус)1-4я0
700 Автор _1
a Фамилия Чехов
b Имя А. П.
f Даты 1860-1904
g Полное личное имя Антон Павлович
4 Код отношения 070
801 Источник записи _0
a Страна ru
b Организация Муниципальное бюджетное учреждение культуры "Централизованная библиотечная система" г. Сургут (Центральная городская библиотека им. А. С. Пушкина)
c Дата составления 20150807
g Правила каталогизации КиК/Апакова
801 Источник записи _1
a Страна ru
b Организация Муниципальное бюджетное учреждение культуры "Централизованная библиотечная система" г. Сургут (Центральная городская библиотека им. А. С. Пушкина)
c Дата составления 20150807
g Правила каталогизации КиК/Апакова
852 Данные о местонахождении __
j Шифр хранения 84(2=411.2)52-4я04
i Авторский знак Ч-56
901 Тип документа __
t Тип документа 0
903 Характеристики (МАРС) __
a Дата передачи 20150807
969 Тип издания __
a Тип издания аудиокнига
990 Данные о заказе (DOS) __
j Количество экземпляров (DOS) 7
t N записи в КСУ для И/У (DOS) 201508